| 000 | nam a22 7a 4500 | ||
|---|---|---|---|
| 999 |
_c49957 _d49957 |
||
| 003 | OSt | ||
| 005 | 20200608165110.0 | ||
| 008 | 200608b xxu||||| |||| 00| 0 eng d | ||
| 040 |
_cIIMT UNIVERSITY, MEERUT _dSEROSOFT |
||
| 082 |
_21ST EDITION _a615.1 |
||
| 100 | _aDR. POORVIYA, DR PRASAD R | ||
| 245 |
_aDRAVYA GUN MEEMAANSHAA DWITIYA BHAAG _bPHARMACOLOGY _cAUTHOR _hENGLISH |
||
| 250 | _a1ST EDITION | ||
| 260 |
_aJAIPUR _bSHAKSHI _c2018 |
||
| 300 |
_a506 P P. _bPAPERBACK |
||
| 760 | _b1ST EDITION | ||
| 856 |
_3PAPERBACK _uTITLE _zPHARMACOLOGY |
||
| 887 | _2TITLE | ||
| 942 |
_2ddc _c02 _e1ST EDITION _hTITLE _iBOOK _k615.01 SHA _m615.01 SHA |
||